LEADER 01390nam1 2200301 450 001 000009432 005 20080407130326.0 100 $a20080407g18971899km-y0itay50------ba 101 0 $aita 102 $aIT 105 $ay---n---001yy 200 1 $aCodice e leggi del Regno d'Italia$eaccuratamente riscontrati sul testo ufficiale$fcorredati di richiami e coordinati dal prof. Luigi Franchi 210 $aMilano$cHoepli$d1897-1899 215 $av.$d15 cm 225 2 $aManuali Hoepli 300 $aOcchietti 410 0$12001$aManuali Hoepli 463 \1$1001000009481$12001 $a<>codici$ecodice civile, codice di procedura civile, codice di commercio, codice per la marina mercantile, codice penale, ... 463 \1$1001000009516$12001 $aLeggi usuali$eraccolta coordinata di tutte le leggi speciali pił importanti e di pił ricorrente ed estesa applicazione in Italia ... parte prima 463 \1$1001000009519$12001 $aLeggi usuali$eraccolta coordinata di tutte le leggi speciali pił importanti e di pił ricorrente ed estesa applicazione in Italia ... parte seconda 620 $aItalia$dMilano 676 $a348.45$v20$9Leggi, regolamenti, giurisprudenza. Italia 702 1$aFranchi,$bLuigi 710 02$aItalia$0423419 801 0$aIT$bUNIPARTHENOPE$c20080407$gRICA$2UNIMARC 912 $a000009432 996 $aCodice e leggi del Regno d'Italia$91204814 997 $aUNIPARTHENOPE